000 00888nam a2200241 a 4500
001 BRCA_7355
005 20190320205815.0
008 230213s1946----mx-a######---#000-0#spa-#
041 _aspa
044 _amx
050 4 _aLE7
_b.C37 1946
100 1 _aCarrillo y Pérez, Ignacio
_918177
245 1 0 _aLa Universidad de México en 1800
_cIgnacio Carrillo y Pérez ; notas de Manuel Romero de Terreros.
260 _aMéxico
_bUNAM, Instituto de Investigaciones Estéticas
_c1946
300 _a31 p.
_bil., 3 láminas
500 _aPublicase en conmemoración del XXXVI aniversario del restablecimiento de la UNAM
500 _aQ20
610 2 4 _aUniversidad Nacional de México
_918178
700 1 _aRomero de Terreros y Vinent, Manuel
_99692
710 2 _aUniversidad Nacional Autónoma de México
_bInstituto de Investigaciones Estéticas
_918179
902 _aGFM
942 _2lcc
_cB
999 _c7031
_d7031